La enseñanza de la lengua

Saved in:
Bibliographic Details
Main Authors: Salotti, Martha A (Author), Tobar García, Carolina (Author)
Format: Book
Language:Spanish
Published: Buenos Aires Kapelusz 1978
Series:Enfoques y fundamentos pedagógicos
Subjects:
Tags: Add Tag
No Tags, Be the first to tag this record!

MARC

LEADER 00000nam a2200000 a 4500
001 UCW4663
003 CL-VaPUC
008 900612e19780000AG |||||||||||||||||spa|d
082 0 4 |a 372.41  |b SAL  |2 21 
100 0 |a Salotti, Martha A  |e author  |9 309459 
700 0 |a Tobar García, Carolina  |e author  |9 309460 
245 1 3 |a La enseñanza de la lengua 
300 |a 165 p 
942 |c BK 
945 |d 19900612 00:00:00 
260 |a Buenos Aires  |b Kapelusz  |c 1978 
650 7 |a LECTURA ELEMENTAL  |2 CL-VaPUC  |9 307633 
650 0 |a Comprensión de lectura  |9 307588 
583 |a last modification  |c 19900612 00:00:00  |k Rodrigo Vera 
490 0 |a Enfoques y fundamentos pedagógicos 
999 |c 218331  |d 218329 
952 |0 0  |1 0  |4 0  |6 372_410000000000000_SAL_1978  |7 0  |8 P  |9 207719  |a BIBEDU  |b BIBEDU  |c BIBEDU_PB  |d 2019-11-15  |i 2755386  |o 372.41 SAL 1978  |p 2755386  |r 2024-01-25  |w 2019-11-15  |y BK  |k EDU 
952 |0 0  |1 0  |4 0  |6 372_410000000000000_SAL_1978  |7 0  |8 P  |9 207720  |a BIBEDU  |b BIBEDU  |c BIBEDU_PB  |d 2019-11-15  |i 1549405  |o 372.41 SAL 1978  |p 1549405  |r 2024-01-25  |w 2019-11-15  |y BK  |k EDU 
952 |0 0  |1 0  |4 0  |6 372_410000000000000_SAL_1978  |7 0  |8 P  |9 207721  |a BIBEDU  |b BIBEDU  |c BIBEDU_PB  |d 2019-11-15  |i 1543598  |o 372.41 SAL 1978  |p 1543598  |r 2024-01-25  |w 2019-11-15  |y BK  |k EDU 
952 |0 0  |1 0  |4 0  |6 372_410000000000000_SAL_1978  |7 0  |8 P  |9 207722  |a BIBEDU  |b BIBEDU  |c BIBEDU_PB  |d 2019-11-15  |i 1533983  |o 372.41 SAL 1978  |p 1533983  |r 2024-01-25  |w 2019-11-15  |y BK  |k EDU